| 000 | 00523 a2200205 4500 | ||
|---|---|---|---|
| 041 | _aEng | ||
| 082 |
_a539.14 _bG564c |
||
| 100 | _aGoldberger, Marvin Leonard, 1922 | ||
| 100 | _aWatson, Kenneth M. | ||
| 245 | _aCollision theory. | ||
| 260 |
_aNew York: _bJohn Wiley, _c1964 |
||
| 300 | _aix, 919p. illus | ||
| 504 | _aIncludes bibliography | ||
| 650 | _aNuclear physics | ||
| 650 | _aScattering (physics) | ||
| 650 | _aParticles | ||
| 650 | _aQuantum mechanics | ||
| 653 | _aModern physics | ||
| 942 |
_2ddc _cGEN |
||
| 999 |
_c72896 _d72885 |
||